Sears and Zemansky's University Physics with modern physics technology update (Record no. 80371)

MARC details
000 -LEADER
fixed length control field 01165nam a2200205 a 4500
008 - FIXED-LENGTH DATA ELEMENTS--GENERAL INFORMATION
fixed length control field 160516s2014 ||||||||||||||||| || u
020 ## - INTERNATIONAL STANDARD BOOK NUMBER
International Standard Book Number 9781292020631
050 ## - LIBRARY OF CONGRESS CALL NUMBER
Classification number QC 21.3 You
100 ## - MAIN ENTRY--PERSONAL NAME
Personal name Young, Hugh D
245 10 - TITLE STATEMENT
Title Sears and Zemansky's University Physics with modern physics technology update
Statement of responsibility, etc. By Hugh D. Young [and] Roger A. Freedman
250 ## - EDITION STATEMENT
Edition statement 13th ed.
260 ## - PUBLICATION, DISTRIBUTION, ETC.
Place of publication, distribution, etc. Harlow:
Name of publisher, distributor, etc. Pearson Education Limited
Date of publication, distribution, etc. 2014
300 ## - PHYSICAL DESCRIPTION
Extent vi, 1726p.: ill.
350 ## -
-- 37.40
650 #0 - SUBJECT ADDED ENTRY--TOPICAL TERM
Topical term or geographic name entry element PHYSICS
995 ## -
-- MAIN LIBRARY OPEN ACCESS
-- 745771
-- CBU-MAIN LIBRARY (Kitwe)
-- 37.40
-- QC 21.3 You
-- 2
-- AVAILABLE
-- May 17, 2016
-- 745771
-- Main Library Open Access Collection
995 ## -
-- MAIN LIBRARY OPEN ACCESS
-- 745772
-- CBU-MAIN LIBRARY (Kitwe)
-- 37.40
-- QC 21.3 You
-- 3
-- AVAILABLE
-- May 17, 2016
-- 745772
-- Main Library Open Access Collection
995 ## -
-- MAIN LIBRARY OPEN ACCESS
-- 745770
-- CBU-MAIN LIBRARY (Kitwe)
-- 37.40
-- QC 21.3 You
-- 1
-- AVAILABLE
-- May 17, 2016
-- 745770
-- Main Library Open Access Collection
995 ## -
-- MAIN LIBRARY OPEN ACCESS
-- 745773
-- CBU-MAIN LIBRARY (Kitwe)
-- 37.40
-- QC 21.3 You
-- 4
-- AVAILABLE
-- May 17, 2016
-- 745773
-- Main Library Open Access Collection
999 ## -
-- 80371
-- 80371
Holdings
Withdrawn status Lost status Source of classification or shelving scheme Damaged status Not for loan Permanent Location Current Location Shelving location Date acquired Total Checkouts Full call number Barcode Date last seen Copy number Price effective from Koha item type Date last checked out Checked out
          CBU-MAIN LIBRARY, KITWE. CBU-MAIN LIBRARY, KITWE.   06/29/2023   QC 21.3 You 745771 06/29/2023 1 06/29/2023 MONOGRAPH    
          CBU-MAIN LIBRARY, KITWE. CBU-MAIN LIBRARY, KITWE.   06/29/2023 1 QC 21.3 You 745772 05/09/2025 2 06/29/2023 MONOGRAPH 04/24/2025  
          CBU-MAIN LIBRARY, KITWE. CBU-MAIN LIBRARY, KITWE.   06/29/2023 1 QC 21.3 You 745770 05/20/2026 3 06/29/2023 MONOGRAPH 05/11/2026  
          CBU-MAIN LIBRARY, KITWE. CBU-MAIN LIBRARY, KITWE.   06/29/2023 1 QC 21.3 You 745773 06/29/2026 4 06/29/2023 MONOGRAPH 06/29/2026 07/15/2026